Improvised Explosive Devices (IEDs) in Iraq and Afghanistan : Effects and Countermeasures.

Examines impact of improvised explosive devices (IEDs) used by insurgents in Iraq and Afghanistan, upon U.S. forces. Discusses development, availability, and funding of countermeasures to defeat IEDs.

Bibliographic Details
Corporate Authors: Library of Congress. Congressional Research Service, ProQuest (Firm)
Format: eBook
Language:English
Published: [Place of publication not identified] : [publisher not identified], 2007.
Series:U.S. Congressional Research.
Subjects:
Online Access:Connect to the full text of this electronic book

MARC

Tag First Indicator Second Indicator Subfields
LEADER 00000cam a22000001a 4500
001 in00003336708
006 m d f
007 cr bn mmmapmmp
008 101214s2007 dcu o f000 0 eng d
005 20260430145051.0
035 |a cis2007860482 
040 |a ProQuest  |c ProQuest  |d UtOrBLW 
043 |a n-us--- 
099 |a CRS-2007-FDT-1256 
110 2 |a Library of Congress.  |b Congressional Research Service. 
245 1 0 |a Improvised Explosive Devices (IEDs) in Iraq and Afghanistan :  |b Effects and Countermeasures. 
264 1 |a [Place of publication not identified] :  |b [publisher not identified],  |c 2007. 
300 |a 1 online resource. 
336 |a text  |b txt  |2 rdacontent 
337 |a computer  |b c  |2 rdamedia 
338 |a online resource  |b cr  |2 rdacarrier 
500 |a Record is based on bibliographic data in ProQuest U.S. Congressional Research Digital Collection (last viewed Dec. 2010). Reuse except for individual research requires license from ProQuest, LLC. 
500 |a CRS Report. 
520 |a Examines impact of improvised explosive devices (IEDs) used by insurgents in Iraq and Afghanistan, upon U.S. forces. Discusses development, availability, and funding of countermeasures to defeat IEDs. 
500 |a Electronic resource. 
650 0 |a War, Cost of. 
650 0 |a Insurgency. 
651 0 |a Afghanistan. 
655 7 |a Electronic books.  |2 local 
710 2 |a ProQuest (Firm) 
776 0 8 |i Microfiche version:   |a Library of Congress. Congressional Research Service.  |t Improvised Explosive Devices (IEDs) in Iraq and Afghanistan 
830 0 |a U.S. Congressional Research. 
856 4 0 |u http://proxy.library.tamu.edu/login?url=https://congressional.proquest.com/congcomp/getdoc?CRDC-ID=CRS-2007-FDT-1256  |z Connect to the full text of this electronic book  |t 0 
999 |a MARS 
999 f f |s 94badf6f-46fb-347d-ba9c-97c8bc2e511f  |i 4d2c3b45-0ad7-3935-bd40-fbe8b350949b  |t 0 
952 f f |a Texas A&M University  |b College Station  |c Electronic Resources  |s www_evans  |d Available Online  |t 0  |e CRS-2007-FDT-1256  |h Other scheme 
998 f f |a CRS-2007-FDT-1256  |t 0  |l Available Online